Statystyki dla Ile razy Polska pokonała daną reprezentację #1

Kliknij tutaj aby rozwiązać quiz!

Ogólne statystyki

  • Ten quiz został rozwiązany 1 933 razy
  • Średni wynik to 11 z 21

Statystyki odpowiedzi

KrajWygrane% Poprawnych
Ekwador1
97%
Gibraltar2
97%
Andora1
95%
Niemcy1
94%
Korea Północna1
88%
Izrael5
87%
Australia0
85%
Kuba0
79%
Portugalia3
79%
Węgry8
62%
Japonia5
52%
Senegal0
46%
Peru3
36%
Brazylia1
35%
Chile0
25%
Czechy4
17%
Dania8
9%
Francja3
8%
Holandia3
5%
Kazachstan4
4%
Kanada6
3%

Rozkład punktacji

Percentyl według liczby udzielonych odpowiedzi

Procent ludzi z każdym wynikiem

Twoja historia wyników

Nie rozwiązałeś tego quizu